000 01230nam a22003257a 4500
003 CHAP
005 20220329134807.0
008 971013s1980 r 00010 d
010 _a26039
011 _a27011
035 _a31112
040 _cCHAP
090 _aTesis
100 0 0 _aBurgos Gónzalez, Teresita del N.
_916168
245 _aProyecto para la creación y operación de los corrales de bovinos de engorda de la Escuela de Medicina Veterinaria y Zootecnia de la Universidad Autónoma del Estado de México
260 _aToluca, Méx. :
_bEl autor,
_c1980
300 _a103 h. apénd.
_b: ilus.
502 _aTesis (Médico Veterinario Zootecnista) -- Universidad Autónoma del Edo. de México. Escuela de Medicina Veterinaria y Zootecnia
590 _aALEPH
_b10
_c20130110
_lUCH01
_h1248
590 _aBATCH-UPD
_b10
_c20130110
_lUCH01
_h1258
590 _aBATCH-UPD
_b10
_c20130410
_lUCH01
_h0817
590 _aBATCH-UPD
_b10
_c20130914
_lUCH01
_h0756
590 _aCONVERSION
_b10
_c20130109
_lUCH01
_h1315
650 1 4 _aCorrales.
_928195
650 1 4 _aGanado vacuno
_xAlojamiento.
_945431
650 1 4 _aProyectos industriales.
_992531
901 _aBK
942 _cTESIS
949 _bBC
_cTES
_d-72029
_eTS1
_i31112
_si
999 _c26039
_d26039